[Event "ENCI Limburg-open B"]
[Site "Maastricht"]
[Date "2009.05.29"]
[Round "1"]
[White "Corvers, John"]
[Black "Klein, Leo"]
[Result "0-1"]
[WhiteElo "1854"]
[BlackElo "2037"]
[PlyCount "84"]
[EventDate "2009.05.29"]
[EventType "swiss"]
[EventRounds "7"]
[EventCountry "NED"]
[Source "P.Boonen"]
[SourceDate "2010.01.01"]

1. d4 d5 2. c4 e6 3. Nc3 Nf6 4. cxd5 exd5 5. Bg5 Be7 6. Qc2 c6 7. e3 Nbd7 8.
Bd3 Nf8 9. Nf3 Nh5 10. Bxe7 Qxe7 11. O-O Ng6 12. Rfe1 O-O 13. Bxg6 hxg6 14. Ne5
Nf6 15. Qe2 Nh7 16. a3 Re8 17. b4 a6 18. Ra2 Nf8 19. Rb2 Nd7 20. Nxd7 Bxd7 21.
Na4 Rad8 22. Nc5 Bc8 23. a4 Qc7 24. b5 axb5 25. axb5 b6 26. Nd3 cxb5 27. Rc1
Qd6 28. Ne5 f6 29. Nxg6 Qa3 30. Qxb5 Rxe3 31. Qxb6 Rde8 32. h3 Re2 33. Rxc8
Re1+ 34. Kh2 Rxc8 35. Qb7 Qd6+ 36. f4 Rc7 37. Qb8+ Kf7 38. Rb6 Qd7 39. f5 Re8
40. Ne5+ fxe5 41. dxe5 Rxe5 42. Qh8 Qxf5 0-1

[Event "ENCI Limburg-open B"]
[Site "Maastricht"]
[Date "2009.05.29"]
[Round "1"]
[White "Cromsigt, Jeroen"]
[Black "Probst, Patrick"]
[Result "1/2-1/2"]
[WhiteElo "1836"]
[BlackElo "1985"]
[PlyCount "122"]
[EventDate "2009.05.29"]
[EventType "swiss"]
[EventRounds "7"]
[EventCountry "NED"]
[Source "P.Boonen"]
[SourceDate "2010.01.01"]

1. e4 e5 2. Nf3 Nc6 3. d4 d6 4. Bc4 Bg4 5. c3 Qd7 6. dxe5 O-O-O 7. O-O dxe5 8.
Qxd7+ Rxd7 9. Nbd2 Bc5 10. b4 Bd6 11. h3 Bh5 12. g4 Bg6 13. Nh4 Nf6 14. f3 Rhd8
15. Re1 Nxb4 16. cxb4 Bxb4 17. Nxg6 hxg6 18. Bxf7 Rxf7 19. Re2 Bc3 20. Rb1 Rfd7
21. Nf1 Rd1 22. Kg2 Bd4 23. Rc2 Nd7 24. Rb5 c6 25. Rd5 Nf8 26. Rxd8+ Kxd8 27.
f4 Ne6 28. f5 Nc5 29. fxg6 Nxe4 30. Ne3 Re1 31. Nf5 Ke8 32. Nxg7+ Ke7 33. Nf5+
Kf6 34. g7 Kf7 35. g5 Rg1+ 36. Kh2 Bb6 37. g6+ Rxg6 38. g8=Q+ Kxg8 39. Ne7+ Kf7
40. Nxg6 Kxg6 41. Rg2+ Kf5 42. h4 Nf6 43. Rg5+ Ke6 44. h5 e4 45. Kg2 Bd4 46. h6
Nh7 47. Rg8 b5 48. Kf1 a5 49. Rg2 c5 50. Bb2 a4 51. Bxd4 cxd4 52. Rg7 Nf6 53.
h7 Nxh7 54. Rxh7 Kd5 55. Ke2 Kc4 56. Rh1 Kc3 57. Rc1+ Kb2 58. Rc5 b4 59. Rc4 b3
60. axb3 axb3 61. Rxd4 Kc2 1/2-1/2

[Event "ENCI Limburg-open B"]
[Site "Maastricht"]
[Date "2009.05.29"]
[Round "1"]
[White "De Ridder, Dieter"]
[Black "Camps, Jeroen"]
[Result "1-0"]
[WhiteElo "1882"]
[BlackElo "1740"]
[PlyCount "45"]
[EventDate "2009.05.29"]
[EventType "swiss"]
[EventRounds "7"]
[EventCountry "NED"]
[Source "P.Boonen"]
[SourceDate "2010.01.01"]

1. e4 c5 2. Nf3 d6 3. d4 cxd4 4. Nxd4 Nf6 5. Nc3 a6 6. Bg5 e5 7. Nf5 Bxf5 8.
exf5 Nbd7 9. g4 Qb6 10. Nd5 Qa5+ 11. Nc3 Qb4 12. Bg2 h5 13. Bxf6 gxf6 14. gxh5
Rg8 15. Qf3 Rc8 16. Qxb7 Qc4 17. Bd5 Qc5 18. Bxf7+ Kxf7 19. Qxd7+ Be7 20. Qe6+
Kf8 21. Nd5 Rg7 22. h6 Rh7 23. Rg1 1-0

[Event "ENCI Limburg-open B"]
[Site "Maastricht"]
[Date "2009.05.29"]
[Round "1"]
[White "Hauglustaine, Sander"]
[Black "Loose, Rob"]
[Result "1-0"]
[WhiteElo "1667"]
[BlackElo "1857"]
[PlyCount "103"]
[EventDate "2009.05.29"]
[EventType "swiss"]
[EventRounds "7"]
[EventCountry "NED"]
[Source "P.Boonen"]
[SourceDate "2010.01.01"]

1. e4 e5 2. Nf3 Nc6 3. Bb5 Nf6 4. O-O Bc5 5. Nxe5 Nxe4 6. Bxc6 dxc6 7. Qe2 Qd5
8. Nd3 O-O 9. Nxc5 Nxc5 10. Nc3 Qf5 11. d4 Ne6 12. Be3 Re8 13. Rad1 Nf4 14. Qf3
Ng6 15. Qxf5 Bxf5 16. Rd2 Rad8 17. Ne2 f6 18. Nf4 Nxf4 19. Bxf4 Re4 20. Be3 b5
21. Rc1 Rd7 22. h3 Be6 23. b3 b4 24. Kf1 Bd5 25. a3 a5 26. Ra1 Re8 27. axb4
axb4 28. Ra4 Rb8 29. f3 g5 30. Rf2 c5 31. dxc5 Bc6 32. Ra1 Bb5+ 33. Kg1 Rbd8
34. Kh2 c6 35. Ra5 Kf7 36. Kg3 Kg6 37. Ra1 Rd5 38. Re1 R8d7 39. f4 h6 40. Kh2
Rd8 41. g3 h5 42. fxg5 fxg5 43. h4 g4 44. Bg5 R8d7 45. Re6+ Kg7 46. Rh6 Rxc5
47. Rxh5 Rcd5 48. Rh6 Rd1 49. Re6 R7d6 50. Bh6+ Kh7 51. Rf7+ Kg8 52. Rg7+ 1-0

[Event "ENCI Limburg-open B"]
[Site "Maastricht"]
[Date "2009.05.29"]
[Round "1"]
[White "Heijenrath, Jan"]
[Black "Snoeck, Rene"]
[Result "0-1"]
[WhiteElo "1793"]
[BlackElo "1916"]
[PlyCount "46"]
[EventDate "2009.05.29"]
[EventType "swiss"]
[EventRounds "7"]
[EventCountry "NED"]
[Source "P.Boonen"]
[SourceDate "2010.01.01"]

1. d4 d5 2. c4 e6 3. Nc3 c6 4. Nf3 f5 5. g3 Nf6 6. Bg2 Bd6 7. Bg5 Nbd7 8. O-O
O-O 9. cxd5 exd5 10. e3 Qe8 11. Bxf6 Nxf6 12. Rc1 Ne4 13. Qb3 Kh8 14. Rfd1 Qh5
15. Ne2 g5 16. Rc2 f4 17. exf4 gxf4 18. Rf1 Bg4 19. Qxb7 Bxf3 20. Bxf3 Qxf3 21.
Qxc6 fxg3 22. Nxg3 Bxg3 23. hxg3 Nxg3 0-1

[Event "ENCI Limburg-open B"]
[Site "Maastricht"]
[Date "2009.05.29"]
[Round "1"]
[White "Hendrickx, Arthur"]
[Black "Ekat, Michael"]
[Result "1/2-1/2"]
[WhiteElo "1797"]
[BlackElo "1930"]
[PlyCount "138"]
[EventDate "2009.05.29"]
[EventType "swiss"]
[EventRounds "7"]
[EventCountry "NED"]
[Source "P.Boonen"]
[SourceDate "2010.01.01"]

1. e4 d6 2. d4 Nf6 3. Nc3 g6 4. f4 Bg7 5. Nf3 O-O 6. Be2 c5 7. dxc5 Qa5 8. Qd3
Nxe4 9. Qxe4 Bxc3+ 10. Bd2 Bxd2+ 11. Nxd2 Nc6 12. c3 Bf5 13. Qe3 Qxc5 14. Qxc5
dxc5 15. g4 Bd7 16. Ne4 b6 17. O-O-O Rfd8 18. Ng3 Be6 19. Bf3 Rac8 20. b3 Rc7
21. f5 Bc8 22. h4 Rxd1+ 23. Rxd1 Ne5 24. Be2 Rd7 25. Rf1 Bb7 26. fxg6 fxg6 27.
g5 Bf3 28. Bb5 Bc6 29. Be2 Rd8 30. Kc2 Rf8 31. Rd1 Rf2 32. Rd2 Rg2 33. Nf1 Be4+
34. Kd1 Kg7 35. a4 Rg1 36. Ke1 Rh1 37. Kf2 Rxh4 38. Kg3 Rh1 39. Kf4 Bd3 40.
Kxe5 Bxe2 41. Ng3 Rg1 42. Nxe2 Rxg5+ 43. Ke4 Kf6 44. Nf4 Re5+ 45. Kf3 Rf5 46.
Kg3 e5 47. Nd5+ Kg5 48. Ne3 Rf7 49. Rd5 Re7 50. Ng4 Kf5 51. Kf3 h5 52. Ne3+ Ke6
53. Rd8 Rf7+ 54. Kg3 g5 55. Rh8 g4 56. Re8+ Kd6 57. Nc4+ Kd7 58. Rxe5 Rf3+ 59.
Kg2 Rxc3 60. Rxh5 Rxb3 61. Rh7+ Ke6 62. Rxa7 Kd5 63. Nd2 Ra3 64. Kf2 c4 65. Nb1
Ra2+ 66. Kg3 Kc5 67. Kxg4 Kb4 68. Rb7 Rxa4 69. Rxb6+ Kc5 1/2-1/2

[Event "ENCI Limburg-open B"]
[Site "Maastricht"]
[Date "2009.05.29"]
[Round "1"]
[White "Henrichs, Wenke"]
[Black "Dalemans, Diana"]
[Result "1/2-1/2"]
[WhiteElo "2033"]
[BlackElo "1852"]
[PlyCount "121"]
[EventDate "2009.05.29"]
[EventType "swiss"]
[EventRounds "7"]
[EventCountry "NED"]
[Source "P.Boonen"]
[SourceDate "2010.01.01"]

1. d4 Nf6 2. c4 g6 3. Nc3 Bg7 4. e4 d6 5. f3 O-O 6. Nge2 e5 7. Bg5 Nbd7 8. Qd2
c6 9. O-O-O a6 10. d5 c5 11. h4 b5 12. h5 Nb6 13. Ng3 b4 14. Nb1 Qe8 15. Bd3
Qa4 16. b3 Qe8 17. Bh6 a5 18. Rh4 a4 19. Rdh1 Ra7 20. Nf5 Bxf5 21. exf5 e4 22.
fxe4 axb3 23. axb3 Bxh6 24. Qxh6 Nbd7 25. hxg6 fxg6 26. fxg6 Qxg6 27. Qxg6+
hxg6 28. Rh8+ Kg7 29. Rxf8 Kxf8 30. Rh8+ Kf7 31. Nd2 Ne5 32. Bb1 Kg7 33. Rd8
Rd7 34. Ra8 Nfg4 35. Nf3 Kf6 36. Kd2 Rh7 37. Bd3 Rf7 38. Be2 Rh7 39. Re8 Re7
40. Rd8 Rd7 41. Rf8+ Rf7 42. Rxf7+ Nxf7 43. Ng1 Nge5 44. Ke3 g5 45. Nh3 Kg6 46.
Nf2 Nh6 47. Bd1 Kf6 48. Bh5 Kg7 49. Nd3 Nxd3 50. Kxd3 Kf6 51. Ke3 Ke5 52. Bg6
Kf6 53. Bh5 Ke5 54. g3 Ng8 55. Bg4 Nh6 56. Be6 Kf6 57. e5+ Kxe5 58. g4 Kf6 59.
Ke4 Kg6 60. Bd7 Kf6 61. Be6 1/2-1/2

[Event "ENCI Limburg-open B"]
[Site "Maastricht"]
[Date "2009.05.29"]
[Round "1"]
[White "Herzet, Serge"]
[Black "Guelpen, Markus"]
[Result "0-1"]
[WhiteElo "1851"]
[BlackElo "2032"]
[PlyCount "81"]
[EventDate "2009.05.29"]
[EventType "swiss"]
[EventRounds "7"]
[EventCountry "NED"]
[Source "P.Boonen"]
[SourceDate "2010.01.01"]

1. e4 c5 2. Nf3 Nc6 3. Be2 Nf6 4. Nc3 d6 5. O-O g6 6. d4 cxd4 7. Nxd4 Bg7 8.
Be3 O-O 9. f4 Bd7 10. h3 a6 11. Nf3 b5 12. Bd3 Qc7 13. g4 b4 14. Ne2 d5 15. e5
Ne4 16. Rc1 f6 17. c4 e6 18. cxd5 exd5 19. Qb3 Kh8 20. Qxd5 f5 21. Nfd4 Rfc8
22. e6 Be8 23. e7 Nxe7 24. Qe6 Qd7 25. gxf5 gxf5 26. Rxc8 Rxc8 27. Qxd7 Bxd7
28. Bxa6 Rg8 29. Bc4 Bxd4+ 30. Kh2 Bxe3 31. Bxg8 Kxg8 32. Rf3 Nd5 33. a3 Bb5
34. Ng3 Bxf4 35. Rxf4 Nxf4 36. Nxf5 b3 37. Nd4 Ba4 38. h4 Nd3 39. Kg2 Nxb2 40.
Kf3 Nc5 41. Ke2 0-1

[Event "ENCI Limburg-open B"]
[Site "Maastricht"]
[Date "2009.05.29"]
[Round "1"]
[White "Hoelting, Siegfried"]
[Black "De Freytas, Paul"]
[Result "1/2-1/2"]
[WhiteElo "1780"]
[BlackElo "1896"]
[PlyCount "62"]
[EventDate "2009.05.29"]
[EventType "swiss"]
[EventRounds "7"]
[EventCountry "NED"]
[Source "P.Boonen"]
[SourceDate "2010.01.01"]

1. e4 g6 2. d4 Bg7 3. Nf3 d6 4. Be2 Nf6 5. Nc3 c6 6. O-O O-O 7. Bg5 Qc7 8. Qd2
Re8 9. Rad1 Nbd7 10. h3 e5 11. d5 cxd5 12. Nxd5 Nxd5 13. Qxd5 Nc5 14. Bb5 Be6
15. Qxd6 Qxd6 16. Rxd6 Nxe4 17. Rdd1 Rec8 18. Be3 Nc5 19. a3 a6 20. Bxc5 axb5
21. Bb4 Rxc2 22. Bc3 Bc4 23. Rfe1 Be2 24. Rd7 Bxf3 25. gxf3 e4 26. Bxg7 Kxg7
27. Rxe4 Rxb2 28. Ree7 Rf8 29. Rxb7 Rb3 30. Kg2 Rxa3 31. Rxb5 Ra6 1/2-1/2

[Event "ENCI Limburg-open B"]
[Site "Maastricht"]
[Date "2009.05.29"]
[Round "1"]
[White "Holwijn, Melvin"]
[Black "Bruls, Peter"]
[Result "1-0"]
[WhiteElo "2001"]
[BlackElo "1837"]
[PlyCount "55"]
[EventDate "2009.05.29"]
[EventType "swiss"]
[EventRounds "7"]
[EventCountry "NED"]
[Source "P.Boonen"]
[SourceDate "2010.01.01"]

1. d4 e6 2. c4 Nf6 3. Nf3 c6 4. Nc3 d5 5. cxd5 cxd5 6. Bg5 Be7 7. e3 Nc6 8. Rc1
O-O 9. Bd3 b6 10. Bxf6 Bxf6 11. h4 e5 12. dxe5 Nxe5 13. Nxe5 Bxe5 14. Bxh7+
Kxh7 15. Qh5+ Kg8 16. Qxe5 Ba6 17. Qd4 Rc8 18. b3 Re8 19. Rd1 Qc7 20. Nxd5 Qc2
21. Qd2 Qe4 22. f3 Qf5 23. e4 Rxe4+ 24. fxe4 Re8 25. Nc3 Qf6 26. Qd4 Qf4 27.
Rd2 Rc8 28. Kd1 1-0

[Event "ENCI Limburg-open B"]
[Site "Maastricht"]
[Date "2009.05.29"]
[Round "1"]
[White "Ingelaere, Frederic"]
[Black "Hesselmann, Hans"]
[Result "1-0"]
[WhiteElo "1700"]
[BlackElo "1870"]
[PlyCount "135"]
[EventDate "2009.05.29"]
[EventType "swiss"]
[EventRounds "7"]
[EventCountry "NED"]
[Source "P.Boonen"]
[SourceDate "2010.01.01"]

1. e4 c5 2. Nf3 Nc6 3. d4 cxd4 4. Nxd4 d6 5. Nc3 Bd7 6. Be3 Nf6 7. Be2 g6 8.
Qd2 h5 9. f3 Bg7 10. O-O-O a6 11. Nd5 Nxd5 12. exd5 Ne5 13. h3 b5 14. b3 f6 15.
f4 Nf7 16. Ne6 Bxe6 17. dxe6 Nh6 18. g4 Qc7 19. Bd4 Rc8 20. Qd3 Kd8 21. Rd2 Rg8
22. Qxg6 Bf8 23. Qxh5 Bg7 24. Qg6 Bf8 25. Qd3 Bg7 26. f5 Rh8 27. Kb1 Ng8 28.
Be3 Bh6 29. Bxh6 Nxh6 30. Bf3 Qc5 31. Bb7 Rb8 32. Qd5 Qxd5 33. Bxd5 Kc7 34. Rc1
Kb6 35. c4 Rhc8 36. cxb5 axb5 37. Rdc2 Rc5 38. Bg2 Rbc8 39. b4 Rc4 40. Rxc4
bxc4 41. Kb2 Kb5 42. a3 Rg8 43. Bf3 Nxf5 44. gxf5 Rg3 45. Rc3 Rg5 46. Bg4 d5
47. Rg3 d4 48. h4 Rg8 49. h5 d3 50. Kc3 Ra8 51. Kb2 Rc8 52. Kc1 Ka4 53. h6 Kxa3
54. b5 Kb3 55. Bf3 Kc3 56. Bc6 Kd4 57. h7 Rh8 58. Rh3 c3 59. b6 Kc5 60. b7 Kxc6
61. b8=Q Rxb8 62. h8=Q d2+ 63. Kc2 Rb2+ 64. Kxc3 d1=Q 65. Qc8+ Kb6 66. Qb8+ Kc6
67. Qxb2 Qe1+ 68. Kb3 1-0

[Event "ENCI Limburg-open B"]
[Site "Maastricht"]
[Date "2009.05.29"]
[Round "1"]
[White "Kloppenburg, Geert"]
[Black "De Wit, Albert"]
[Result "1/2-1/2"]
[WhiteElo "1915"]
[BlackElo "1792"]
[PlyCount "160"]
[EventDate "2009.05.29"]
[EventType "swiss"]
[EventRounds "7"]
[EventCountry "NED"]
[Source "P.Boonen"]
[SourceDate "2010.01.01"]

1. d4 g6 2. Nf3 Bg7 3. c3 d6 4. Bg5 Nd7 5. Nbd2 Ngf6 6. e3 O-O 7. Bd3 c6 8. Qc2
Qc7 9. h4 h6 10. Bf4 e5 11. Bh2 Ng4 12. Bg3 Ndf6 13. O-O-O Nh5 14. Nf1 Be6 15.
Kb1 f5 16. dxe5 dxe5 17. e4 Nxg3 18. Nxg3 f4 19. Nf1 Qf7 20. b3 a5 21. Ne1 b5
22. f3 Nf6 23. g3 a4 24. b4 Nd7 25. gxf4 exf4 26. Be2 Ne5 27. Nd3 Nc4 28. Qc1
Qf6 29. Nc5 Rad8 30. Nh2 Ne3 31. Rxd8 Rxd8 32. Rg1 Bf7 33. Ng4 Nxg4 34. Rxg4
Qxc3 35. Qxc3 Bxc3 36. Nd3 Kg7 37. Kc2 Bf6 38. Nxf4 g5 39. hxg5 hxg5 40. a3 Kh6
41. Nd3 Bb3+ 42. Kc1 Bc4 43. Kc2 Bd4 44. Rg2 Bb3+ 45. Kb1 Bc4 46. Nc1 Bxe2 47.
Rxe2 c5 48. Nd3 c4 49. Ne1 Kg6 50. Kc2 Kf6 51. Rh2 Kg6 52. Rg2 Be5 53. Re2 Bf4
54. Kb2 Rd1 55. e5 Rd5 56. Ng2 Bxe5+ 57. Kc2 Bf4 58. Ne1 Re5 59. Rxe5 Bxe5 60.
Kd2 Kf5 61. Nc2 Kf4 62. Ke2 Bb2 63. Kf2 Ke5 64. Ke2 Bc1 65. Kd1 Bf4 66. Ke2 Kd5
67. Kd1 c3 68. Ne1 Kd4 69. Kc2 Be5 70. Nd3 Bf6 71. Nc5 Ke3 72. Ne4 Be7 73. Nxc3
Kxf3 74. Nxb5 g4 75. Nd4+ Kf2 76. Nf5 g3 77. Nxg3 Kxg3 78. Kd3 Kf4 79. Kc4 Ke5
80. Kb5 Kd6 1/2-1/2

[Event "ENCI Limburg-open B"]
[Site "Maastricht"]
[Date "2009.05.29"]
[Round "1"]
[White "Kocur, Marc"]
[Black "Hollands, Maxim"]
[Result "1/2-1/2"]
[WhiteElo "1887"]
[BlackElo "1748"]
[PlyCount "66"]
[EventDate "2009.05.29"]
[EventType "swiss"]
[EventRounds "7"]
[EventCountry "NED"]
[Source "P.Boonen"]
[SourceDate "2010.01.01"]

1. d4 Nf6 2. Nf3 g6 3. e3 Bg7 4. Nbd2 d6 5. b3 Nc6 6. Bb2 e5 7. dxe5 Ng4 8. Nc4
Ngxe5 9. Nfxe5 Nxe5 10. f4 Bg4 11. Qc1 Nxc4 12. Bxg7 Rg8 13. Bd4 Nb6 14. e4 Qe7
15. Qe3 c5 16. Bb5+ Kd8 17. Qg3 Qxe4+ 18. Be3 Nd5 19. Qxg4 Qxe3+ 20. Qe2 Qc3+
21. Kf2 Nxf4 22. Qe4 Qd2+ 23. Kg3 Nh5+ 24. Kf3 Kc7 25. Rad1 Qc3+ 26. Rd3 Qf6+
27. Ke3 Qg5+ 28. Kf3 a6 29. Rxd6 axb5 30. Rd7+ Kxd7 31. Qxb7+ Ke6 32. Re1+ Kd6
33. Qb6+ Kd7 1/2-1/2

[Event "ENCI Limburg-open B"]
[Site "Maastricht"]
[Date "2009.05.29"]
[Round "1"]
[White "Liekens, Ronny"]
[Black "Cox, Jan"]
[Result "0-1"]
[WhiteElo "1889"]
[BlackElo "1771"]
[PlyCount "62"]
[EventDate "2009.05.29"]
[EventType "swiss"]
[EventRounds "7"]
[EventCountry "NED"]
[Source "P.Boonen"]
[SourceDate "2010.01.01"]

1. e4 e5 2. Nf3 Nc6 3. Bb5 a6 4. Ba4 Nf6 5. O-O Be7 6. Re1 b5 7. Bb3 O-O 8. c3
d5 9. exd5 Nxd5 10. Nxe5 Nxe5 11. Rxe5 c6 12. d4 Bd6 13. Re1 Qh4 14. g3 Qh3 15.
Be3 Bg4 16. Qd3 f5 17. Qf1 Qh5 18. f4 g5 19. Nd2 Rae8 20. Qg2 Kh8 21. Bxd5 cxd5
22. Qxd5 gxf4 23. Bxf4 Bxf4 24. gxf4 Be2 25. Nf1 Bf3 26. Ng3 Qg4 27. Qd6 Qh3
28. Re2 Bxe2 29. Nxe2 Rg8+ 30. Ng3 Rxg3+ 31. hxg3 Qxg3+ 0-1

[Event "ENCI Limburg-open B"]
[Site "Maastricht"]
[Date "2009.05.29"]
[Round "1"]
[White "Overtoom, Reinier"]
[Black "Van Liempt, Michael"]
[Result "1/2-1/2"]
[WhiteElo "1725"]
[BlackElo "1882"]
[PlyCount "35"]
[EventDate "2009.05.29"]
[EventType "swiss"]
[EventRounds "7"]
[EventCountry "NED"]
[Source "P.Boonen"]
[SourceDate "2010.01.01"]

1. Nc3 Nf6 2. e4 d6 3. d4 g6 4. f3 Bg7 5. Be3 O-O 6. Qd2 e5 7. d5 c6 8. Bc4 Qc7
9. Bb3 a6 10. Nge2 c5 11. a3 b5 12. g4 Nbd7 13. Ng3 Nb6 14. h4 Nc4 15. Bxc4
bxc4 16. Qe2 Rb8 17. Rb1 Qa5 18. Qxc4 1/2-1/2

[Event "ENCI Limburg-open B"]
[Site "Maastricht"]
[Date "2009.05.29"]
[Round "1"]
[White "Provinciael, Ernest"]
[Black "Coenen, Bert"]
[Result "1/2-1/2"]
[WhiteElo "1901"]
[BlackElo "1782"]
[PlyCount "82"]
[EventDate "2009.05.29"]
[EventType "swiss"]
[EventRounds "7"]
[EventCountry "NED"]
[Source "P.Boonen"]
[SourceDate "2010.01.01"]

1. e4 c5 2. d4 cxd4 3. c3 dxc3 4. Nxc3 Nc6 5. Nf3 d6 6. Bc4 Nf6 7. O-O e6 8.
Qe2 Be7 9. Rd1 Qc7 10. Nb5 Qb8 11. Bg5 a6 12. Nc3 O-O 13. Rac1 b5 14. Bb3 Bb7
15. Rd2 Na5 16. Bd1 b4 17. Bxf6 Bxf6 18. Na4 Bc6 19. Nd4 Bxa4 20. Bxa4 Bg5 21.
Rcd1 Bxd2 22. Qxd2 Qb6 23. Qe2 Rac8 24. Bc2 Rc4 25. Nb3 Nxb3 26. Qxc4 Na5 27.
Qd3 g6 28. h4 Rc8 29. Ba4 Nb7 30. Qg3 Qc5 31. Qf3 Kg7 32. e5 d5 33. h5 Qe7 34.
Qg4 Rc4 35. Qg3 Nc5 36. b3 Rc3 37. Qg4 Nxa4 38. bxa4 a5 39. hxg6 hxg6 40. Qd4
Qc5 41. Qh4 Qc7 1/2-1/2

[Event "ENCI Limburg-open B"]
[Site "Maastricht"]
[Date "2009.05.29"]
[Round "1"]
[White "Roufs, Gerard"]
[Black "Debusschere, Helmuth"]
[Result "1-0"]
[WhiteElo "1948"]
[BlackElo "1824"]
[PlyCount "103"]
[EventDate "2009.05.29"]
[EventType "swiss"]
[EventRounds "7"]
[EventCountry "NED"]
[Source "P.Boonen"]
[SourceDate "2010.01.01"]

1. e4 c5 2. c3 d6 3. d4 b6 4. Bd3 Bb7 5. Nf3 e6 6. O-O Nf6 7. Qe2 Be7 8. Rd1
O-O 9. Nbd2 Nbd7 10. e5 Ne8 11. Ne4 d5 12. Neg5 g6 13. Qe3 Ng7 14. Nh3 f6 15.
Qh6 Rf7 16. exf6 Rxf6 17. Nhg5 Nf8 18. Ne5 cxd4 19. Ng4 dxc3 20. bxc3 Rc8 21.
Bd2 Nf5 22. Qh3 h5 23. Nxf6+ Bxf6 24. Bxf5 exf5 25. Qg3 Rc4 26. Nf3 Rg4 27. Qh3
d4 28. cxd4 Qd5 29. Ne1 Rxd4 30. Bc3 Rxd1 31. Bxf6 Rxa1 32. Bxa1 Qxa2 33. Qc3
Ne6 34. Qh8+ Kf7 35. Qh7+ Ke8 36. Bf6 Qa3 37. Qxb7 Qd6 38. Qxa7 Nc7 39. Qa1 Nd5
40. Qe5+ Qxe5 41. Bxe5 Kd7 42. Kf1 Kc6 43. Ke2 Nb4 44. h4 Kd5 45. Bc3 Nc6 46.
Nd3 Ke4 47. f3+ Kd5 48. Nb4+ Nxb4 49. Bxb4 Kc4 50. Be7 b5 51. Ke3 b4 52. Bxb4
1-0

[Event "ENCI Limburg-open B"]
[Site "Maastricht"]
[Date "2009.05.29"]
[Round "1"]
[White "Schmitz, Martin"]
[Black "Carcan, Stephane"]
[Result "1-0"]
[WhiteElo "1838"]
[BlackElo "2022"]
[PlyCount "33"]
[EventDate "2009.05.29"]
[EventType "swiss"]
[EventRounds "7"]
[EventCountry "NED"]
[Source "P.Boonen"]
[SourceDate "2010.01.01"]

1. e4 g6 2. d4 Bg7 3. Nf3 d6 4. h3 Nf6 5. Nc3 O-O 6. Bc4 c6 7. a3 d5 8. exd5
cxd5 9. Bb3 Nc6 10. O-O e6 11. Bf4 a6 12. Qd2 Ne4 13. Qd3 Nxc3 14. Qxc3 Qb6 15.
Rad1 Na5 16. Bc7 Qc6 17. Bxa5 1-0

[Event "ENCI Limburg-open B"]
[Site "Maastricht"]
[Date "2009.05.29"]
[Round "1"]
[White "Scholzen, Wolfgang"]
[Black "Schubert, Karl"]
[Result "1-0"]
[WhiteElo "2028"]
[BlackElo "1850"]
[PlyCount "59"]
[EventDate "2009.05.29"]
[EventType "swiss"]
[EventRounds "7"]
[EventCountry "NED"]
[Source "P.Boonen"]
[SourceDate "2010.01.01"]

1. e4 d6 2. d4 Nf6 3. Nc3 g6 4. f4 Bg7 5. Nf3 O-O 6. Be3 c6 7. Qd2 b5 8. Bd3 a6
9. e5 Nd5 10. Nxd5 cxd5 11. h4 Bg4 12. Nh2 Bf5 13. Bxf5 gxf5 14. h5 e6 15.
O-O-O Nc6 16. g4 Ne7 17. Rdg1 h6 18. g5 Kh8 19. Nf3 Rc8 20. Bf2 Qc7 21. Bh4 Ng8
22. Rh2 Qc4 23. Kb1 Qc6 24. Rhg2 Rc7 25. exd6 Qxd6 26. gxh6 Bxh6 27. Rxg8+ Rxg8
28. Bf6+ Bg7 29. Rxg7 Rxg7 30. h6 1-0

[Event "ENCI Limburg-open B"]
[Site "Maastricht"]
[Date "2009.05.29"]
[Round "1"]
[White "Sewalt, Vincent"]
[Black "Maas, Joop"]
[Result "1/2-1/2"]
[WhiteElo "1954"]
[BlackElo "1827"]
[PlyCount "75"]
[EventDate "2009.05.29"]
[EventType "swiss"]
[EventRounds "7"]
[EventCountry "NED"]
[Source "P.Boonen"]
[SourceDate "2010.01.01"]

1. c4 c6 2. Nc3 d5 3. cxd5 cxd5 4. d4 a6 5. Nf3 e6 6. Bf4 Nc6 7. e3 Nf6 8. Be2
Be7 9. O-O O-O 10. Rc1 Bd7 11. Ne5 Rc8 12. h3 b5 13. a3 Na5 14. Bd3 Nc4 15. Qe2
Qa5 16. Bg5 Qd8 17. f4 a5 18. a4 b4 19. Nxd7 Qxd7 20. Nb5 Nd6 21. Nxd6 Qxd6 22.
Bxf6 Bxf6 23. Qd2 g6 24. Rc2 Rxc2 25. Qxc2 Be7 26. Rc1 Rb8 27. Bb5 Bd8 28. Qb3
Bb6 29. Rc6 Qd8 30. Qc2 Kg7 31. g4 h6 32. Kg2 Qh4 33. Qc1 Qd8 34. Kg3 Qe7 35.
h4 Rb7 36. Qh1 Bd8 37. g5 h5 38. Qc1 1/2-1/2

[Event "ENCI Limburg-open B"]
[Site "Maastricht"]
[Date "2009.05.29"]
[Round "1"]
[White "Smeets, Wouter"]
[Black "Uckerman, John"]
[Result "1-0"]
[WhiteElo "1877"]
[BlackElo "1687"]
[PlyCount "103"]
[EventDate "2009.05.29"]
[EventType "swiss"]
[EventRounds "7"]
[EventCountry "NED"]
[Source "P.Boonen"]
[SourceDate "2010.01.01"]

1. Nf3 d5 2. d4 Nf6 3. e3 e6 4. Bd3 Nbd7 5. Ne5 c5 6. c3 Nxe5 7. dxe5 Nd7 8. f4
c4 9. Bc2 b5 10. Nd2 Bb7 11. O-O Be7 12. e4 Nc5 13. exd5 Bxd5 14. Qe2 Qb6 15.
Kh1 Qb7 16. Nf3 Nd3 17. Bxd3 cxd3 18. Qe3 Rd8 19. Bd2 O-O 20. Qf2 f5 21. Rfd1
Rd7 22. Be3 Be4 23. Rd2 g6 24. Bd4 Rc8 25. Ne1 b4 26. Nxd3 bxc3 27. bxc3 Qb5
28. Ne1 a5 29. Rb2 Qc4 30. Nf3 Ba3 31. Rb3 Bc1 32. Nd2 Bxd2 33. Qxd2 Qd5 34.
Qf2 a4 35. Rb2 Rc4 36. h3 Kg7 37. a3 Rb7 38. Raa2 Rb3 39. Rd2 Rb1+ 40. Kh2 Qb7
41. Rab2 Rxb2 42. Rxb2 Qd7 43. Rb6 Bc6 44. Qh4 Qd5 45. Rb2 Bb5 46. Qe7+ Kh6 47.
Qf8+ Kh5 48. Qg7 h6 49. g4+ fxg4 50. hxg4+ Kxg4 51. Qxg6+ Kf3 52. Rf2# 1-0

[Event "ENCI Limburg-open B"]
[Site "Maastricht"]
[Date "2009.05.29"]
[Round "1"]
[White "Smit, Melvin"]
[Black "Kuck, Ulrich"]
[Result "1-0"]
[WhiteElo "1812"]
[BlackElo "1937"]
[PlyCount "133"]
[EventDate "2009.05.29"]
[EventType "swiss"]
[EventRounds "7"]
[EventCountry "NED"]
[Source "P.Boonen"]
[SourceDate "2010.01.01"]

1. d4 c5 2. e3 Nf6 3. Nf3 Qc7 4. b3 b6 5. Bd3 d6 6. Bb2 Nbd7 7. Nbd2 Bb7 8. c4
e5 9. d5 g6 10. O-O Bg7 11. Qc2 O-O 12. Rac1 Rae8 13. Rfd1 Qd8 14. Re1 Qe7 15.
e4 Nh5 16. g3 Bc8 17. Nf1 Bh6 18. Rcd1 Ndf6 19. Bc1 Bg7 20. Ne3 Ng4 21. Be2
Nxe3 22. Bxe3 f5 23. exf5 Bxf5 24. Qd2 Qd7 25. Nh4 Bg4 26. Bg5 Bxe2 27. Qxe2
Qh3 28. Rd3 e4 29. Rdd1 Bd4 30. Be3 Be5 31. Bh6 Ng7 32. Be3 Nh5 33. Bh6 Ng7 34.
Qc2 Bf6 35. Rxe4 Rxe4 36. Qxe4 Re8 37. Qg2 Qg4 38. Qf3 Qxf3 39. Nxf3 Nf5 40.
Bf4 h5 41. h3 Re2 42. Rd2 Re4 43. Kf1 Kf7 44. Re2 Rxe2 45. Kxe2 Ke7 46. g4 hxg4
47. hxg4 Nd4+ 48. Nxd4 Bxd4 49. f3 Bf6 50. Kd3 Kd7 51. Ke4 Ke7 52. Bg3 Bg5 53.
Bf4 Bf6 54. Bh6 Kf7 55. a4 Be7 56. Bd2 a5 57. Be1 Bf6 58. Bg3 Be7 59. f4 Bd8
60. f5 Be7 61. fxg6+ Kxg6 62. Bf4 Bf8 63. Kf3 Be7 64. Kg3 Bf8 65. Kh3 Be7 66.
Bg3 Bf8 67. Bh4 1-0

[Event "ENCI Limburg-open B"]
[Site "Maastricht"]
[Date "2009.05.29"]
[Round "1"]
[White "Sofic, Narcis"]
[Black "Ducarmon, Renzo"]
[Result "1-0"]
[WhiteElo "1866"]
[BlackElo "1670"]
[PlyCount "69"]
[EventDate "2009.05.29"]
[EventType "swiss"]
[EventRounds "7"]
[EventCountry "NED"]
[Source "P.Boonen"]
[SourceDate "2010.01.01"]

1. d4 d5 2. Nf3 Nf6 3. c4 e6 4. Bg5 Be7 5. e3 Nbd7 6. Nc3 b6 7. Bd3 Bb7 8. O-O
O-O 9. Qe2 Rc8 10. cxd5 exd5 11. Ba6 Bxa6 12. Qxa6 Ra8 13. Bxf6 Nxf6 14. Rac1
Bd6 15. Nb5 Ne4 16. Rc6 Qc8 17. Qxc8 Raxc8 18. Rfc1 a6 19. Nxc7 Bxc7 20. Rxc7
Rxc7 21. Rxc7 f6 22. Kf1 Rd8 23. Ke2 a5 24. Nd2 Nd6 25. Rc6 Nc8 26. Nb1 Kf7 27.
Nc3 h5 28. Nxd5 Rxd5 29. Rxc8 Rb5 30. b3 g5 31. e4 a4 32. Rc3 Ke6 33. Kd3 Ra5
34. b4 Rb5 35. Kc4 1-0